000 00772nam a2200229Ii 4500
003 JO-AjNU
008 230605s9999||||xx |||||||||||||| ||und||
017 _a1993/9/1042
020 _a978-9957-16-118-7
040 _aJO-AjNU
_bara
_erda
_cJO-AjNU
041 _aara
050 1 4 _aK237.F3722.2015
100 3 _a الفار ، عبد القادر ,
_eauthor
_931200
245 0 0 _aالمدخل لدراسة العلوم القانونية : مبادئ القانون -- النظرية العامة للحق
250 _aط15
264 3 1 _aعمان : دار الثقافة ،2015
300 _a240ص
336 _atext
_btxt
_2rdacontent
337 _aunmediated
_bn
_2rdamedia
338 _avolume
_bnc
_2rdacarrier
650 4 _aالقانون المدني
_931201
999 _aA12454
_c16022
_d16022